Estadística para los negocios y la economía

Salvato in:
Dettagli Bibliografici
Autore principale: Newbold, Paul (autor)
Natura: Libro
Lingua:spagnolo
Pubblicazione: Madrid Prentice Hall 1997
Edizione:1a. ed
Soggetti:
Tags: Aggiungi Tag
Nessun Tag, puoi essere il primo ad aggiungerne!!

MARC

LEADER 00000nam a2200000 a 4500
001 UCK0348
003 CL-VaPUC
008 041001e19970000SP |||||||||||||||||spa|d
020 |a 8489660069 
082 0 4 |a 330.015195  |b NEW  |2 21 
100 |a Newbold, Paul  |e autor  |9 596087 
245 1 0 |a Estadística para los negocios y la economía 
250 |a 1a. ed 
300 |a 752 p 
942 |c BK 
945 |d 20041001 00:00:00  |a cmena 
260 |a Madrid  |b Prentice Hall  |c 1997 
650 0 |a Métodos estadísticos   |9 259407 
650 0 |a Economía   |9 255568 
650 0 |a Muestreo (Estadística)  |9 270232 
650 0 |a Toma de decisiones   |9 257530 
650 0 |a Teoría de probabilidades   |9 336944 
583 |a last modification  |c 20130306 11:02:39  |k Rodrigo Vera 
999 |c 310810  |d 310808 
952 |0 0  |1 0  |4 0  |6 330_015195000000000_NEW_1997  |7 0  |8 A  |9 379826  |a BIBGIM  |b BIBGIM  |d 2019-11-21  |i 4068289  |o 330.015195 NEW 1997  |p 4068289  |r 2025-01-15  |w 2019-11-21  |y BK  |k EST 
952 |0 0  |1 0  |4 0  |6 330_015195000000000_NEW_1997  |7 0  |8 A  |9 379827  |a BIBGIM  |b BIBGIM  |d 2019-11-21  |i 4068297  |o 330.015195 NEW 1997  |p 4068297  |r 2025-01-15  |w 2019-11-21  |y BK  |k EST 
952 |0 0  |1 0  |4 0  |6 330_015195000000000_NEW_1997  |7 0  |8 A  |9 379828  |a BIBGIM  |b BIBGIM  |d 2019-11-21  |i 4068300  |o 330.015195 NEW 1997  |p 4068300  |r 2025-01-15  |w 2019-11-21  |y BK  |k EST 
952 |0 0  |1 0  |4 0  |6 330_015195000000000_NEW_1997  |7 0  |8 A  |9 379829  |a BIBGIM  |b BIBGIM  |d 2019-11-21  |i 4068319  |o 330.015195 NEW 1997  |p 4068319  |r 2025-01-15  |w 2019-11-21  |y BK  |k EST 
952 |0 0  |1 0  |4 0  |6 330_015195000000000_NEW_1997  |7 0  |8 A  |9 379830  |a BIBGIM  |b BIBGIM  |d 2019-11-21  |i 4068327  |o 330.015195 NEW 1997  |p 4068327  |r 2025-01-15  |w 2019-11-21  |y BK  |k EST 
952 |0 0  |1 0  |4 0  |6 330_015195000000000_NEW_1997  |7 0  |8 A  |9 379831  |a BIBGIM  |b BIBGIM  |d 2019-11-21  |i 4068335  |o 330.015195 NEW 1997  |p 4068335  |r 2025-01-15  |w 2019-11-21  |y BK  |k EST 
952 |0 0  |1 2  |4 0  |6 330_015195000000000_NEW_1997  |7 0  |8 A  |9 379832  |a BIBGIM  |b BIBGIM  |d 2019-11-21  |i 4157826  |o 330.015195 NEW 1997  |p 4157826  |r 2019-11-21  |w 2019-11-21  |y BK  |k EST 
952 |0 0  |1 0  |4 0  |6 330_015195000000000_NEW_1997  |7 0  |8 A  |9 379833  |a BIBGIM  |b BIBGIM  |d 2019-11-21  |i 4157834  |o 330.015195 NEW 1997  |p 4157834  |r 2025-01-15  |w 2019-11-21  |y BK  |k EST 
952 |0 0  |1 0  |4 0  |6 330_015195000000000_NEW_1997  |7 0  |8 A  |9 379834  |a BIBGIM  |b BIBGIM  |d 2019-11-21  |i 4157842  |o 330.015195 NEW 1997  |p 4157842  |r 2025-01-15  |w 2019-11-21  |y BK  |k EST 
952 |0 0  |1 0  |4 0  |6 330_015195000000000_NEW_1997  |7 0  |8 A  |9 379835  |a BIBGIM  |b BIBGIM  |d 2019-11-21  |i 4157850  |o 330.015195 NEW 1997  |p 4157850  |r 2025-01-15  |w 2019-11-21  |y BK  |k EST